=LDR 00000nam 2200000 4500 =001 INLIS000000000007359 =005 20130612095354 =008 ***********************************Ind** =035 ##$$0010-061300000007359 =041 ##$$a Ind =082 ##$$a 155.3 =090 ##$$a 155.3, Gun f =100 ##$$a Gunawan, Fx Rudy =245 ##$$a Filsafat sex, Fx Rudy Gunawan =260 ##$$a 1993 $b Yogyakarta =300 ##$$a x, 99 hlm, 21 cm =650 ##$$a Filsafat